[Event "3' Elpi Chess"]
[Site "?"]
[Date "2024.01.28"]
[Round "5"]
[White "Pecci, William"]
[Black "Pierantozzi, Stanislao"]
[Result "1-0"]
[WhiteElo "1990"]
[BlackElo "1945"]
[Annotator "willp"]
[PlyCount "47"]
[EventDate "2024.??.??"]
[Source "Analyze This Ap"]

1. e4 c5 2. Nf3 d6 3. d4 cxd4 4. Nxd4 Nf6 5. Nc3 a6 6. h3 e5 7. Nde2 Be6 8. g4
h6 9. Bg2 Be7 10. O-O Nc6 (10... Nbd7) 11. Be3 b5 12. Ng3 O-O 13. Nd5 Bxd5 $6
14. exd5 Na5 15. b3 Rc8 16. Nf5 Nb7 17. Qd2  Nh7 18. Bxh6 gxh6
19. Qxh6 Bf6 20. g5 Nxg5 (20... Kh8) (20... Bxg5 21. Qg7#) 21. h4 Bh8 (21...
Ne6 22. Be4) (21... Nh7 22. Be4 Re8 23. Kh1 (23. Ne7+ Rxe7 24. Bxh7+ Kh8 25.
Bf5+ Kg8)) 22. hxg5 Nc5 23. g6 (23. g6 fxg6 (23... Rc7 24. Qh7#) 24. Qxg6+ Bg7
25. Qxg7#) 23... Rc7 24. Qh7# 1-0